| 000 | 00624nam a2200229Ia 4500 | ||
|---|---|---|---|
| 003 | OSt | ||
| 005 | 20220924122114.0 | ||
| 006 | a|||||r|||| 00| 0 | ||
| 007 | ta | ||
| 008 | 220923b |||||||| |||| 00| 0 urd d | ||
| 024 | _a318530 | ||
| 037 | _cTextual | ||
| 040 |
_aARTS _cARTS _burd |
||
| 041 |
_2urd _aurd |
||
| 082 | _aO168,3N172x, H7 | ||
| 100 |
_aBukhari Farigh Au. _9188317 |
||
| 245 | 0 | _aAurat ka gunah | |
| 260 |
_aLahore _bGosha-e-adab Pakistan _c1947 |
||
| 650 |
_aURDU FICTION _93298 |
||
| 942 |
_hO168,3N172x, H7 _cTEXL _2CC |
||
| 999 |
_c410275 _d410275 |
||